<?xml version="1.0" encoding="UTF-8"?>
<record
    xmlns:xsi="http://www.w3.org/2001/XMLSchema-instance"
    xsi:schemaLocation="http://www.loc.gov/MARC21/slim http://www.loc.gov/standards/marcxml/schema/MARC21slim.xsd"
    xmlns="http://www.loc.gov/MARC21/slim">

  <leader>03255nam a2200469 i 4500</leader>
  <controlfield tag="001">129798</controlfield>
  <controlfield tag="003">FINmELB</controlfield>
  <controlfield tag="005">20241217180218.0</controlfield>
  <controlfield tag="006">m     o  u        </controlfield>
  <controlfield tag="007">cr cn|||||||||</controlfield>
  <controlfield tag="008">211013s2012    ag a    o     000 0 spa d</controlfield>
  <datafield tag="020" ind1=" " ind2=" ">
    <subfield code="z">9789871305698</subfield>
  </datafield>
  <datafield tag="035" ind1=" " ind2=" ">
    <subfield code="a">(OCoLC)1280138150</subfield>
  </datafield>
  <datafield tag="040" ind1=" " ind2=" ">
    <subfield code="a">FINmELB</subfield>
    <subfield code="b">spa</subfield>
    <subfield code="e">rda</subfield>
    <subfield code="c">FINmELB</subfield>
  </datafield>
  <datafield tag="050" ind1=" " ind2="4">
    <subfield code="a">Z711.2</subfield>
    <subfield code="b">D533 2012</subfield>
  </datafield>
  <datafield tag="080" ind1=" " ind2=" ">
    <subfield code="a">37.011.22:004</subfield>
  </datafield>
  <datafield tag="082" ind1="0" ind2="4">
    <subfield code="a">374</subfield>
    <subfield code="2">23</subfield>
  </datafield>
  <datafield tag="245" ind1="0" ind2="0">
    <subfield code="a">Did&#xE1;ctica b&#xE1;sica para la alfabetizaci&#xF3;n informacional /</subfield>
    <subfield code="c">Editores Javier Tarango y Gabriela Mendoza-Guill&#xE9;n.</subfield>
  </datafield>
  <datafield tag="264" ind1=" " ind2="1">
    <subfield code="a">Ciudad Aut&#xF3;noma de Buenos Aires :</subfield>
    <subfield code="b">Alfagrama Ediciones,</subfield>
    <subfield code="c">2012.</subfield>
  </datafield>
  <datafield tag="300" ind1=" " ind2=" ">
    <subfield code="a">1 recurso en l&#xED;nea (382 p&#xE1;ginas) :</subfield>
    <subfield code="b">ilustraciones, tablas</subfield>
  </datafield>
  <datafield tag="336" ind1=" " ind2=" ">
    <subfield code="a">texto</subfield>
    <subfield code="b">txt</subfield>
    <subfield code="2">rdacontent/spa</subfield>
  </datafield>
  <datafield tag="337" ind1=" " ind2=" ">
    <subfield code="a">computadora</subfield>
    <subfield code="b">c</subfield>
    <subfield code="2">rdamedia/spa</subfield>
  </datafield>
  <datafield tag="338" ind1=" " ind2=" ">
    <subfield code="a">recurso en l&#xED;nea</subfield>
    <subfield code="b">cr</subfield>
    <subfield code="2">rdacarrier/spa</subfield>
  </datafield>
  <datafield tag="490" ind1="1" ind2=" ">
    <subfield code="a">Biblioteca Alfagrama</subfield>
  </datafield>
  <datafield tag="520" ind1=" " ind2=" ">
    <subfield code="a">Los esfuerzos de la comunidad bibliotecaria en materia de alfabetizaci&#xF3;n informacional (Alfin) tienen que ver con el inter&#xE9;s de apoyar a los usuarios a constituirse como individuos aut&#xF3;nomos en la b&#xFA;squeda, identificaci&#xF3;n, valoraci&#xF3;n y uso apropiados de la informaci&#xF3;n. Tal inter&#xE9;s surge en la profesi&#xF3;n bibliotecol&#xF3;gica como una v&#xED;a de apoyo directo a la necesidad de la sociedad de contar con sujetos capaces de aprender a lo largo de su vida, de manera tal que puedan afrontar, asertiva y exitosamente, las problem&#xE1;ticas que se presenten en su rutina diaria. Esta tarea requiere que el personal a cargo de los proyectos de Alfin posea y maneje una fuerte carga de fundamentos tanto educativos como bibliotecol&#xF3;gicos. El libro busca asociar las aportaciones multidisciplinarias de varios colaboradores interesados en compartir sus conocimientos en torno al tema de la Alfin. La propuesta concentra una serie de contenidos b&#xE1;sicos que, a consideraci&#xF3;n de los autores, debieran ser incluidos en la formaci&#xF3;n universitaria (tanto de pregrado y posgrado) dentro de las materias relacionadas con la Alfin. Esperamos interesar genuinamente al lector en la b&#xFA;squeda de una preparaci&#xF3;n s&#xF3;lida y el ejercicio de una pr&#xE1;ctica continua que contribuyan a mejorar sus conocimientos y capacidades en el desarrollo de programas de alfabetizaci&#xF3;n informacional.</subfield>
  </datafield>
  <datafield tag="588" ind1=" " ind2=" ">
    <subfield code="a">Descripci&#xF3;n basada en metadatos suministrados por el editor y otras fuentes.</subfield>
  </datafield>
  <datafield tag="590" ind1=" " ind2=" ">
    <subfield code="a">Recurso electr&#xF3;nico. Santa Fe, Arg.: elibro, 2021. Disponible v&#xED;a World Wide Web. El acceso puede estar limitado para las bibliotecas afiliadas a elibro.</subfield>
  </datafield>
  <datafield tag="650" ind1=" " ind2="0">
    <subfield code="a">Information literacy.</subfield>
  </datafield>
  <datafield tag="650" ind1=" " ind2="4">
    <subfield code="a">Alfabetizaci&#xF3;n informativa</subfield>
    <subfield code="x">Estudio y ense&#xF1;anza.</subfield>
  </datafield>
  <datafield tag="650" ind1=" " ind2="4">
    <subfield code="a">Alfabetizaci&#xF3;n informativa</subfield>
    <subfield code="x">Dise&#xF1;o e implementaci&#xF3;n de programas.</subfield>
  </datafield>
  <datafield tag="650" ind1=" " ind2="4">
    <subfield code="a">Alfabetizaci&#xF3;n informacional.</subfield>
  </datafield>
  <datafield tag="650" ind1=" " ind2="0">
    <subfield code="a">Libraries</subfield>
    <subfield code="x">Information technology.</subfield>
  </datafield>
  <datafield tag="655" ind1=" " ind2="4">
    <subfield code="a">Libros electr&#xF3;nicos.</subfield>
  </datafield>
  <datafield tag="700" ind1="1" ind2=" ">
    <subfield code="a">Mendoza-Guill&#xE9;n, Gabriela,</subfield>
    <subfield code="e">editor.</subfield>
  </datafield>
  <datafield tag="700" ind1="1" ind2=" ">
    <subfield code="a">Tarango, Javier,</subfield>
    <subfield code="e">editor.</subfield>
  </datafield>
  <datafield tag="797" ind1="2" ind2=" ">
    <subfield code="a">elibro, Corp.</subfield>
  </datafield>
  <datafield tag="830" ind1=" " ind2="0">
    <subfield code="a">Biblioteca Alfagrama.</subfield>
  </datafield>
  <datafield tag="856" ind1="4" ind2="0">
    <subfield code="u">https://elibro.net/ereader/politecnicointernacional/188037</subfield>
  </datafield>
  <datafield tag="999" ind1=" " ind2=" ">
    <subfield code="c">129798</subfield>
    <subfield code="d">129798</subfield>
  </datafield>
</record>
